Statistieken voor Afghanistan Trivia Quiz

Klik hier om de quiz te nemen!

Algemene statistieken

  • Deze quiz is 396 keer genomen
  • De gemiddelde score is 7 van 16

Antwoordstatistieken

HintAntwoord% Correct
Wat is de hoofdstad van Afghanistan?Kabul
96%
Wat zijn de twee officiële talen van Afghanistan?Pasjtoe
71%
Welke terroristengroep regeerde Afghanistan van 1996 tot 2001, en heeft in augustus 2021 de macht weer gegrepen?Taliban
71%
Welk land heeft de kortste grens met Afghanistan?China
69%
Wat zijn de twee officiële talen van Afghanistan?Dari
58%
Welk land viel Afghanistan binnen in 1979?Sovjet-Unie
57%
Welke tak van de Islam hangen het grootste deel van het Hazara-volk aan?Sjiisme
43%
Wat is de op één na meest bevolkte stad in Afghanistan?Kandahar
37%
Die groep verwoestte twee beelden in de stad Bamyan in 2001. Welke historische persoon was het model van deze beelden?Boeddha
35%
Wat is de valuta van Afghanistan?Afghani
34%
Wat is de bijnaam van Afghanistan?Het Kerkhof van {Rijken}
30%
Welke stad in noordwest-Afghanistan was in de geschiedenis bekend om zijn wijn?Herat
29%
Welke bergpas tussen Afghanistan en Pakistan was een belangrijke onderdeel van de oude Zijderoute?{Khyber}pas
29%
Wie was de president van Afghanistan van 2004 tot 2014?Hamid Karzai
27%
Welke bergketen ligt in centraal-Afghanistan?Hindoe{koesj}
25%
Wat is de naam van de dominante ethnische groep van Afghanistan?Pathanen
25%

Scoreverdeling

Percentiel versus Aantal Correcte Antwoorden

Procent van Mensen met Elke Score

Uw Scoregeschiedenis

U heeft deze quiz nog niet genomen